LIBRARY & INFORMATION CENTRE, KCAET, TAVANUR

ONLINE PUBLIC ACCESS CATALOGUE (OPAC)

Genetic Engineering and Rice Biotechnology (Record no. 14729)

MARC details
000 -LEADER
fixed length control field 00370nam a22001337a 4500
020 ## - INTERNATIONAL STANDARD BOOK NUMBER
ISBN 9789384007102
082 ## - DEWEY DECIMAL CLASSIFICATION NUMBER
Classification number 581.15
Item number GAU/GE
100 ## - MAIN ENTRY--AUTHOR NAME
Personal name Gaurav,Shukla
245 ## - TITLE STATEMENT
Title Genetic Engineering and Rice Biotechnology
260 ## - PUBLICATION, DISTRIBUTION, ETC. (IMPRINT)
Place of publication New Delhi
Name of publisher MedTec- Scientific International Pvt. Ltd
Year of publication 2014
300 ## - PHYSICAL DESCRIPTION
Number of Pages 211
500 ## - GENERAL NOTE
General note Biotechnology of Food Crops
942 ## - ADDED ENTRY ELEMENTS (KOHA)
Koha item type Book Bank scheme for SC students
Holdings
Withdrawn status Lost status Damaged status Collection code Home library Current library Shelving location Date acquired Source of acquisition Cost, normal purchase price Full call number Accession Number Koha item type
        KAUAET KAUAET Scheme 25/08/2016 Dream Tech Publishers & Book Sellers, Trivandrum. 395.00 581.15 GAU/GE BB 347 Book Bank scheme for SC students
        KAUAET KAUAET Scheme 25/08/2016 Dream Tech Publishers & Book Sellers, Trivandrum. 395.00 581.15 GAU/GE BB 348 Book Bank scheme for SC students
free website counter